The new encyclopedia of stock market techniques
Saved in:
| Format: | Book |
|---|---|
| Language: | Greek |
| Published: |
New Rochelle :
Investors Intelligence,
c1985
|
| Subjects: | |
| Tags: |
Add Tag
No Tags, Be the first to tag this record!
|
MARC
| LEADER | 00000cam a2200000 i 4500 | ||
|---|---|---|---|
| 001 | 1/10685 | ||
| 008 | 000904s1985 gre d | ||
| 020 | |a 0-936176-02-4 | ||
| 035 | |l 10063525 | ||
| 040 | |a GR-MY-UA |b gre |e aacr | ||
| 041 | 0 | |a gre | |
| 082 | 0 | |a Π 332.64203 | |
| 245 | 1 | 4 | |a The new encyclopedia of stock market techniques |
| 260 | |a New Rochelle : |b Investors Intelligence, |c c1985 | ||
| 300 | |a various paging; |b tables, graphs; |c 28 cm | ||
| 650 | 0 | 0 | |a Stock exchanges |x Encyclopedias. |
| 852 | |a INST |b CHIOS |e 20000904 |h 332.64203 NEW |p 005200017641 |q 005200017641 |t REF |y 23 | ||
| 901 | |a BIBL2-2000-3 | ||
| 909 | |a Χ |b 076061 | ||
| 970 | |z 2000/08/ΣΟΦΙΑ | ||